000 01085nam a2200277Ia 4500
003 OSt
005 20221005112352.0
006 a|||||r|||| 00| 0
007 ta
008 221004b |||||||| |||| 00| 0 pan d
020 _a9789352312832 (hbk)
_cINR 150.00
024 _a45255
037 _b1059, 12/02/2019, H.K. Prakashan
_cTextual
040 _aCRL
_cCRL
_bpan
041 _2pan
_apan
082 _aO153,6(w,1), Q8
100 _aਸਿੰਘ, ਗੁਰਜੀਤ, ਂਚ.
245 0 _aਪੰਜਾਬੀ ਸਾਹਿਤਕ ਸਵੈ-ਜੀਵਨੀ ਦੀ ਇਤਿਹਾਸਿਕਤਾ ਅਤੇ ਸੰਚਾਰ-ਜੁਗਤਾਂ
260 _aਸਮਾਣਾ
_bਸੰਗਮ ਪਬਲੀਕੇFਨਗ਼ ਭਾਰਤ
_c2018
300 _a79ਪ੍ਰ0
_ccm.
650 _a ਪੰਜਾਬੀ ਸਾਹਿਤ
650 _a ਪੰਜਾਬੀ ਨਿਬੰਧ
650 _aਸਵੈ-ਜੀਵਨੀ
942 _hO153,6(w,1), Q8
_cTEXL
_2cc
999 _c1024684
_d1024684